000 00392nam a22001697a 4500
005 20160521142450.0
008 160521b xxu||||| |||| 00| 0 eng d
020 _a0-07-096443-2
041 _aeng
082 _b3815
100 _aHMT Bangalore
_9969
245 _aProduction Technology
260 _aNew Delhi
_bTMH,
300 _a853
650 _aDIPLOMA ENGINEERING
_9817
942 _cBK
999 _c1320
_d1320